| 000 | 00488nam a22001697u 4500 | ||
|---|---|---|---|
| 008 | 130405s1955 xxu||||| |||| 00| 0 fre d | ||
| 041 | _afre | ||
| 100 | 1 |
_aCohen, Gustave _919558 |
|
| 245 | 0 | 0 |
_aAnthologie du drame liturgique en France au Moyen-Age _cGustave Cohen, P. Roguet |
| 260 |
_aParis: _bDu Cerf, _c1955 |
||
| 300 |
_a290 p. _c;20 cm. |
||
| 490 | 0 |
_aLex Orandi _v19 |
|
| 650 | 0 | 4 |
_aLiturgia _yÉpoca primitiva _915693 |
| 700 | 1 |
_aRoguet, P. _919559 |
|
| 942 | _cBK | ||
| 001 | 16807 | ||
| 999 |
_c238720 _d238720 |
||